Obras poéticas publicadas de José Iglesias Benítez : (Record no. 195376)
[ view plain ]
| 000 -LEADER | |
|---|---|
| campo de control de longitud fija | 01635nam a22003734c 4500 |
| 001 - NÚMERO DE CONTROL | |
| campo de control | 195376 |
| 003 - IDENTIFICADOR DE NÚMERO DE CONTROL | |
| campo de control | SpMaBN |
| 005 - FECHA Y HORA DE LA ÚLTIMA TRANSACCIÓN | |
| campo de control | 20250320063055.0 |
| 008 - DATOS DE LONGITUD FIJA--INFORMACIÓN GENERAL | |
| campo de control de longitud fija | 230103s2022 sp a | |||| 000 pdspa |
| 017 ## - NÚMERO DE COPYRIGHT O DE DEPÓSITO LEGAL | |
| Número de copyright o de depósito legal | M 25438-2022 |
| Agencia que asigna | Oficina Depósito Legal Madrid |
| 020 ## - NÚMERO INTERNACIONAL ESTÁNDAR DEL LIBRO | |
| Número Internacional Estándar del Libro | 9788418624919 |
| 040 ## - FUENTE DE CATALOGACIÓN | |
| Centro catalogador/agencia de origen | SpMaBN |
| Lengua de catalogación | spa |
| Centro/agencia transcriptor | SpMaBN |
| Normas de descripción | rda |
| 080 ## - NÚMERO DE LA CLASIFICACIÓN DECIMAL UNIVERSAL | |
| Número de la Clasificación Decimal Universal | 821.134.2-14"19" |
| 100 ## - ENTRADA PRINCIPAL--NOMBRE DE PERSONA | |
| Nombre de persona | Iglesias Benítez, José, |
| Fechas asociadas al nombre | 1955-2020 |
| 9 (RLIN) | 236908 |
| 245 10 - MENCIÓN DEL TÍTULO | |
| Título | Obras poéticas publicadas de José Iglesias Benítez : |
| Resto del título | (in memoriam) / |
| Mención de responsabilidad, etc. | recopilación, Ricardo Hernández Megías ; prólogo, Pablo Jiménez García ; epílogo, Juan Carlos Rodríguez Búrdalo. |
| 264 #1 - PRODUCCIÓN, PUBLICACIÓN, DISTRIBUCIÓN, FABRICACIÓN Y COPYRIGHT | |
| Producción, publicación, distribución, fabricación y copyright | Madrid |
| Nombre del de productor, editor, distribuidor, fabricante | Beturia Ediciones |
| -- | Liber Factory, |
| Fecha de producción, publicación, distribución, fabricación o copyright | 2022 |
| 300 ## - DESCRIPCIÓN FÍSICA | |
| Extensión | 626 páginas : |
| Otras características físicas | ilustraciones (blanco y negro) ; |
| Dimensiones | 24 cm |
| 336 ## - TIPO DE CONTENIDO | |
| Término de tipo de contenido | Texto |
| Fuente | rdacontent |
| 337 ## - TIPO DE MEDIO | |
| Nombre/término del tipo de medio | sin mediación |
| Fuente | rdamedia |
| 338 ## - TIPO DE SOPORTE | |
| Nombre/término del tipo de soporte | volumen |
| Fuente | rdacarrier |
| 490 1# - MENCIÓN DE SERIE | |
| Mención de serie | Colección Personajes ilustres ; |
| Designación de volumen o secuencia | nº 8 |
| 500 ## - NOTA GENERAL | |
| Nota general | En la página 4 de la cubierta: Diputación de Badajoz; Junta de Extremadura; FAECAM |
| 504 ## - NOTA DE BIBLIOGRAFÍA, ETC. | |
| Nota de bibliografía, etc. | Bibliografía: páginas 625-626 |
| 655 #7 - TERMINO DE INDIZACIÓN--GENERO/FORMA | |
| Datos o término principal de género/forma | Poesías líricas |
| Fuente del término | tgfbne |
| 9 (RLIN) | 236779 |
| 655 #7 - TERMINO DE INDIZACIÓN--GENERO/FORMA | |
| Datos o término principal de género/forma | Antologías |
| Fuente del término | tgfbne |
| 9 (RLIN) | 176540 |
| 700 ## - ENTRADA AGREGADA--NOMBRE PERSONAL | |
| Nombre de persona | Hernández Megías, Ricardo, |
| Fechas asociadas al nombre | 1948- |
| 9 (RLIN) | 236909 |
| 830 ## - PUNTO DE ACCESO ADICIONAL DE SERIE-TÍTULO UNIFORME | |
| Título uniforme | Colección Personajes ilustres |
| 9 (RLIN) | 239853 |
| 852 ## - LOCALIZACIÓN | |
| Ubicación | ES-MaACL |
| Ubicación en estantería | Depósito J |
| Número de control de estantería | N-8953 |
| Encuadernación | Encuadernación cartoné |
| Donativo/Legado | Donación: Editorial |
| itemnumber | 204825 |
| 942 ## - ELEMENTOS DE ENTRADA SECUNDARIOS (KOHA) | |
| Tipo de ítem Koha | Libro impreso |
| Suprimir en OPAC | No |
| Estatus retirado | Estado de pérdida | Fuente del sistema de clasificación o colocación | Estado de daño | No para préstamo | Biblioteca de origen | Biblioteca actual | Ubicación en estantería | Fecha de adquisición | Fuente de adquisición | Total de préstamos | Signatura topográfica completa | Código de barras | Visto por última vez | Precio de reemplazo | Tipo de ítem Koha |
|---|---|---|---|---|---|---|---|---|---|---|---|---|---|---|---|
| Clasificación decimal universal | Biblioteca del Ateneo de Madrid | Biblioteca del Ateneo de Madrid | Depósito J | 18/03/2025 | Donación | N-8953 | 101229672 | 18/03/2025 | 18/03/2025 | Libro impreso |
